00728nam a2200229Ia 45000010006000000050017000060070003000230080041000260400025000670410008000920820024001001000024001242450083001482500014002312600043002453000019002886530024003076530020003319420012003519520118003639990017004815355820240114005349.0ta080101s2008 ii g b000 u asm u aCotton College,Assam aasm a891.4108bKa 124 Da aKalita, Dandinath . 0aDandinath Kalita Rachanavali: Part- 11 /cDandinath Kalita.hTextual Documents aIst ed. / aGuwahati :bPublication Board ,c2008. a757pg ;c19cm. aAssamese literature aDeptt- Assamese 2ddccBK 00104070aSKBLbSKBLd2012-02-01f00000l0o891.4108 Ka 124 Dap5718/Asr2024-01-14 00:00:00t1w2012-02-01yBK c53521d53521